000 004240000a22001690004500
003 LK-CoMWRAF
008 230817t ||||| |||| 00| 0 eng d
040 _aLK-CoMWRAF
_dLK-CoMWRAF
_eLK-CoMWRAF
041 _aeng
082 _a022
_bJAY
100 _aJayanthan
245 _aMeendum kadavulum kanthasamipillayum
_b
260 _aMadras
_bNarmatha pathipakam
_c1997
300 _ap.164
650 _aliterature
942 _cBK
999 _c2820
_d2820